Implementácia projektového riadenia v trvalej stavebnej organizácii

Bibliographic Details
Main Author: Trávnik, Igor, 1942-2022 (Author)
Format: Article
Language:Slovak
PhysicalDescription:Tab.
ISSN:1336-4103
Subjects:

MARC

LEADER 00000cab a2200000 a 4500
001 vtls000870193
003 SK-MaSNL
005 20260304112517.0
008 250429|2003 xo ||||||| || 0 |slo
015 |a SNBRB2004/04-12421 
035 |a CLN000221745 
035 |a urn:nbn:sk:snk-abafjg 
035 |a (urnnbn)urn:nbn:sk:snk:ar-a0aduh 
035 |a (uuid)59e008b4-353b-4974-9655-3439bb446da5 
040 |a SNKBUCL  |b slo  |c SNKBUCL  |e AACR2 
041 0 |a slo 
044 |a xo  |c SK 
080 |a 658.012.43:69  |2 1997 
080 |a 69  |2 1997 
100 1 |a Trávnik, Igor,  |d 1942-2022  |4 aut  |9 218939 
245 1 0 |a Implementácia projektového riadenia v trvalej stavebnej organizácii  |c Igor Trávnik 
246 1 1 |a Project management implementation in permanent construction organization 
300 |b Tab. 
504 |a Bibliogr. odkazy 
546 |a Res. angl., slov. Súbežný názov angl. 
650 0 7 |a stavebné organizácie  |2 SNK  |9 1414441 
650 0 7 |a projektový manažment  |2 SNKPH  |9 937 
655 7 |a články z novín a časopisov  |2 SNK  |9 267496 
773 0 |t Ekonomika a manažment podniku  |g Roč. 1, č. 1 (2003), s. 37-48  |x 1336-4103 
850 |a Slovenská národná knižnica 
852 |a Slovenská národná knižnica 
954 |a odborná, vedecká literatúra pôvodná (slovenská)  |2 lita 
958 |a article14 
958 |a OND 
958 |a EUIPO 
999 |c 2866073  |d 2868003